Pohjois-Karjalan kunnat - Äkkikuolema - Statistics

Yleistilastot
  • Tätä visaa on pelattu 274 kertaa
  • Keskiarvotulos 10 / 13
Answers on the Grid
Answers color-coded by a green-red scale on the quiz's grid according to % correct below.
Enonkoski
Heinävesi
Ilomantsi
Imatra
Joensuu
Juuka
Kaavi
Kitee
Koli
Kontiolahti
Kuhmo
Lappeenranta
Leppävirta
Lieksa
Liperi
Nurmes
Outokumpu
Parikkala
Polvijärvi
Rautavaara
Rautjärvi
Rääkkylä
Sonkajärvi
Sotkamo
Sulkava
Tohmajärvi
Tuupovaara
Varkaus
 
Vastaustilastot
Vastaus % Oikein
Joensuu
91%
Ilomantsi
81%
Kontiolahti
79%
Lieksa
78%
Kitee
76%
Nurmes
76%
Juuka
71%
Outokumpu
71%
Liperi
70%
Polvijärvi
70%
Heinävesi
69%
Tohmajärvi
68%
Rääkkylä
66%
Ehtoja vastaavia visoja ei löytynyt
Tulosjakauma
Jokaisen tuloksen saaneiden osuus
Persentiili vastausten määrän mukaan
Tuloshistoriasi
Et ole pelannut tätä visaa